000 00970nam a2200253Ia 4500
003 OSt
005 20220923222111.0
006 a|||||r|||| 00| 0
007 ta
008 220922b |||||||| |||| 00| 0 hin d
024 _a203,023
037 _cTextual
040 _aARTS
_cARTS
_bhin
041 _2hin
_ahin
082 _aO157,1M24w, 152M3
100 _aबोस, अमलेन्द; पाण्उेय, रामकृष्ण, अनु.
_9165924
245 0 _aमाइकल मधुसूदन दत्त
246 _aMāikal madhusūdan datta
260 _aनई दिल्ली
_b साहित्य अकादमी
_c1983
300 _a79पृ.
_ccm.
490 _aभारतीय साहित्य के निर्माता
942 _hO157,1M24w, 152M3
_cTEXL
_2CC
999 _c353804
_d353804